Kluby grające w Lidze Mistrzów w sezonie 2019/2020 - Statystyki

Ogólne statystyki
  • Ten quiz został rozwiązany 180 razy
  • Średni wynik to 15 z 26
Statystyki odpowiedzi
Odpowiedź % Poprawnych
4 Real Madryt
97%
3 FC Barcelona
95%
1 Liverpool CF
90%
5 Manchester City
89%
11 Bayern Monachium
87%
17 Paris Saint-Germain
83%
2 Chelsea
82%
7 Juventus FC
81%
14 Atletico Madryt
79%
12 Borussia Dortmund
79%
6 Tottenham Hotspur
78%
10 Inter Mediolan
74%
8 SSC Napoli
68%
15 Valencia CF
56%
9 Atalanta BC
53%
13 RB Lipsk
51%
22 SL Benfica
49%
19 Olympique Lyon
43%
16 Bayer Leverkusen
39%
18 Lille OSC
29%
20 Zenit Petersburg
28%
26 Red Bull Salzburg
20%
23 Szachtar Donieck
20%
24 KRC Genk
19%
25 Galatasaray SK
17%
21 Lokomotiw Moskwa
13%
Nie znaleziono quizów pasujących do podanych kryteriów
Rozkład punktacji
Procent ludzi z każdym wynikiem
Percentyl według liczby udzielonych odpowiedzi
Twoja historia wyników
Nie rozwiązałeś tego quizu